Psicología de la conducta / [por] José Bleger

Zapisane w:
Opis bibliograficzny
1. autor: Bleger, José (autor)
Format: Książka
Seria:Biblioteca de psicología general. Mayor ; 2
Hasła przedmiotowe:
Etykiety: Dodaj etykietę
Nie ma etykietki, Dołącz pierwszą etykiete!

MARC

LEADER 00000nam^a2200000^u^4500
001 000536107
005 20250521000000.0
008 060220s1000^^^^^^^^^^^^r^^^^^000^0^spa^d
009 20260310131030.385
035 |a FMI 000001861 
037 |a Acervo Xavier Clavigero 
096 |a 8.8/112/B 
100 |a Bleger, José  |e (autor) 
245 1 0 |a Psicología de la conducta / [por] José Bleger 
264 |a México : Paidós, 1989 
300 |a 293 p. 
336 |a texto  |b txt  |2 rdacontenido 
337 |a sin mediación  |b n  |2 rdamedio 
338 |a volumen  |b nc  |2 rdasoporte 
440 0 |a Biblioteca de psicología general. Mayor ; 2 
649 |a XX 
650 |a PSICOLOGIA 
910 |a Fondo Francisco Migoya Covarrubias S.J. 
920 |a Impresos - Libros 
930 |a Fondos Especiales 
905 |a 134 
901 |a SBC18247  |b IT2  |c ESP  |u 20250521 
902 |a https://opac.biblio.iteso.mx/vufind/Record/000536107